La formacin̤ ťica en las universidades

Detalles Bibliográficos
Autor principal: Zamorano Garca̕, Enrique
Autor Corporativo: Instituto Mexicano de Contadores Pb︢licos
Formato: eBook
Lenguaje:español
Publicado: [Mx̌ico] : Instituto Mexicano de Contadores Pb︢licos, 2010.
Materias:
Acceso en línea:Acceso restringido

MARC

LEADER 00000nam a22000007a 4500
005 20110906104741.0
008 110906t2010 mx ||||s|||| 00| 0 spa d
020 |a 978-607-7620-40-2 
035 |a 5612 
040 |a vLex 
090 |c 2383  |d 2383 
100 1 |a Zamorano Garca̕, Enrique 
245 1 3 |a La formacin̤ ťica en las universidades  |h [Recurso electrn̤ico] /  |c Enrique Zamorano Garca̕  
256 |a Servicio en ln̕ea. 
260 |a [Mx̌ico] :  |b Instituto Mexicano de Contadores Pb︢licos,  |c 2010. 
300 |a 1 recurso electrn̤ico 
506 1 |a Contenido solo disponible en los productos indicados  |d vLex Global  |d vLex Global (Academic Edition, excluding Law Schools)  |d vLex Global (U.S. Academic Edition, Law Schools)  |d vLex Global (U.S. Academic Edition, excluding Law Schools)  |d vLex Global (Academic Edition, Law Schools) 
650 0 4 |a Ética  |z Mx̌ico 
650 0 4 |a Universidades  |z Mx̌ico 
710 2 |a Instituto Mexicano de Contadores Pb︢licos 
740 0 |a vLex Libros (Servicio en ln̕ea) 
856 4 0 |u http://vlex.com/source/formacion-etica-universidades-5612  |z Acceso restringido 
942 |c BOOK